000 00918nam a2200253 i 4500
001 13763
003 ES-MaACL
005 20250831025422.0
007 t|
008 920325s1991 sp |||| | spa j
020 _a84-7784-924-2
080 _a322(4-13)"17/19"
080 _a348.42(4-13)"17/19"
245 0 0 _aIglesia, sociedad y estado en España, Francia e Italia, (ss. XVIII al XX) /
_cEmilio La Parra López, Jesús Pradells Nadal, editores.
260 _aAlicante :
_bInstituto de Cultura "Juan-Gil Albert",
_c1991.
300 _a549 p. ;
_c24 cm.
650 0 4 _aPatrimonio eclesiástico-
_zEuropa meridional-
_vHistoria.
_9169216
650 7 _aIglesia y Estado-
_zEuropa meridional
_2
_9169217
700 1 _aLa Parra López, Emilio.
_969173
700 1 _aPradells Nadal, Jesús.
_993588
710 2 _aInstituto de Cultura "Juan Gil-Albert"
_94857
852 _aES-MaACL
_jL-21204
999 _c13763
_d13763